000 00449nam a2200157Ia 4500
999 _c20395
_d20395
003 OSt
005 20200706123742.0
008 190216s9999||||xx |||||||||||||| ||und||
040 _coclc
082 _a941
_bFOX/M
100 _aFox, David Scott
_93567
245 0 _aMediterranean Heritage /
_cDavid Scott Fox
260 _bRoutledge Kegan Paul,
_c1978.
_aLondon:
300 _a177p
942 _cBK
_2ddc
_h941
_iFOX/M
_k941
_mFOX/M